000 00341nam a2200133Ia 4500
005 20251222140030.0
008 251222s1900||||xx |||||||||||||| ||spa||
020 _a8431308796
082 _a248.89/F12
245 0 _aDe Ecclesia et Vocatione Hominis:
250 _a1ra. ed.
264 _bFacultad de TeologĂ­a San Vicente Ferrer
942 _cLIB
999 _c2945
_d2945